000
00391nam a2200133Ia 4500
008
100328s9999 xx 000 0 und d
082
_b
30036
100
_a
जोशी महादेवशास्त्री
245
_a
कुमार संभव
260
_b
एन.के.
630
_a
कुमार संभव
730
_a
कुमार संभव
942
_c
BOOK
999
_c
521024
_d
521021